000 00256nam a2200097Ia 4500
001 1040945
005 20250826232032.0
008 250824s9999 xx 000 0 und d
245 0 _aSERMAYEM YOK DERDİMDEN BAŞKA
_cSERDAR TUNCER
260 _bKETEBE YAYINLARI
999 _c1040945
_d1040945